Guess the tripleS MVs - Statistics

General Stats
  • This quiz has been taken 444 times
    87 since last reset
  • The average score is 9 of 18
Answer Stats
Picture Answer % Correct
Hit the Floor
77%
Bubble Gum Girl
71%
Christmas Alone
67%
Door
62%
Fly Up
58%
Generation
56%
Are You Alive
54%
Rising
54%
Girls Never Die
48%
Untitled
48%
Cherry Talk
46%
Girls' Capitalism
46%
Cameo Love
44%
Q&A
44%
Invincible
38%
Password
31%
Cherry Gene
23%
Touch+
21%
No matching quizzes found
Score Distribution
Percent of People with Each Score
Percentile by Number Answered
Your Score History
You have not taken this quiz since the last reset